000 01100nam a22002177a 4500
003 OSt
005 20230711144619.0
008 230705s2016 ag ||||| |||| 00| 1 spa d
020 _a9789500437899
040 _bspa
_cbesoc
100 1 _aPhillpotts, Eden
_d(1862-1960)
_eautor
245 1 0 _aUna voz en la oscuridad /
_cEden Phillpotts ; traducción de Lucrecia Moreno de Sáenz
250 _a1a ed.
260 _aBuenos Aires :
_bEmecé,
_c2016
300 _a300 p.
490 _aEl séptimo círculo / colección creada por Jorge Luis Borges y Adolfo Bioy Casares
520 _aEl honorable Ludovic Bewes es un niño de trece años, frágil, doliente y delicado, que no representa su edad. Heredará la vasta propiedad de Brooke-Norton y el título de Lord Brooke. Sufre de pesadillas y de terreros nocturnos; un grito o una brusca racha de viento lo hacen palidecer. Muere de meningitis. En un dormitorio vecino se encuentra una especie de máscara... [Nota del editor].
650 4 _aLiteratura inglesa
_vNovelas
_ySiglo XX
700 _aMoreno de Sáenz, Lucrecia
_etraductor
942 _2udc
_cOG
_n0
999 _c33
_d33